Statistics for Paradise Hotel Danmark - Vindere

Click here to take the quiz!

General Stats

  • This quiz has been taken 137 times
  • The average score is 12 of 31

Answer Stats

SæsonVinder% Correct
14Lenny
81%
15Anne
66%
12Mathias
66%
12Caroline
63%
15Teitur
61%
4Nick
56%
7Nick
56%
11Anders
53%
13Anders
53%
14Tine
49%
13Simone
48%
6Peter
41%
9Sandra
40%
5Frederik
38%
ReunionFrederik
38%
11Monique
38%
7Tina
38%
9Nicolas
37%
10Martin
33%
8Julian
29%
10Sandy
26%
8Tina Maria
26%
2David
22%
6Cecilie
21%
4Diana
20%
1Benjamin
19%
3Camilla
16%
1Dorthe
15%
5Line-Sofie
14%
3Kenneth
9%
2Linda
7%

Score Distribution

Percentile by Number Answered

Percent of People with Each Score

Your Score History

You have not taken this quiz